Folletos agrícolas : boletín de divulgación : instrucciones para combatir la hormiga arriera (Atta sp.) /

Guardado en:
Bibliografiske detaljer
Format: Bog
Sprog:spansk
Udgivet: México : Secretaría de Agricultura y Fomento, Oficina Federal para la Defensa Agrícola, 1930,
Tags: Tilføj Tag
Ingen Tags, Vær først til at tagge denne postø!

MARC

LEADER 00000nam^a2200000^a^4500
001 000615223
005 20250530000000.0
009 20260310133656.502
025 |a Donación Robles Martínez, 1 ejemplar 
037 |a Acervo ITESO - Biblioteca 
041 |a ESP 
091 |a FRM. 00125 
245 0 0 |a Folletos agrícolas :  |b boletín de divulgación : instrucciones para combatir la hormiga arriera (Atta sp.) / 
264 1 |a México :  |b Secretaría de Agricultura y Fomento, Oficina Federal para la Defensa Agrícola,  |c 1930, 
300 |a 1 v. (varias paginaciones) 
336 |a texto  |b txt  |2 rdacontenido 
337 |a sin mediación  |b n  |2 rdamedio 
338 |a volumen  |b nc  |2 rdasoporte 
649 |a XX 
910 |a Fondo Robles Martínez 
920 |a Impresos - Libros 
930 |a Fondos Especiales 
905 |a 123 
901 |a 615676-10  |b IT2  |c ESP  |i D  |u 20250530 
902 |a https://opac.biblio.iteso.mx/vufind/Record/000615223